000 00643nam a2200217Ia 4500
003 GCL
008 140319s9999 xx 000 0 ara d
040 _aGCL /
_cGCL
082 0 4 _a953.101
_bع ص
100 1 _aعبدالعزيز عبدالغنى ابراهيم
245 1 0 _aصراع الامراء /
_cعبدالعزيز عبدالغنى ابراهيم
260 _a[S.N] :
_bدار الساقى ،
_c1990
300 _a322 ص
490 _a
650 0 4 _aالعصر الحديث
650 0 4 _aالسعودية
650 0 4 _aنجد
650 0 4 _aالوهابية
650 0 4 _aمحمد بن عبدالوهاب
942 _2ddc
_cBK
999 _c54865
_d54865